<?xml version="1.0" encoding="UTF-8"?>
<collection xmlns="http://www.loc.gov/MARC21/slim">
 <record>
  <leader>00590pamaa2200181   4500</leader>
  <controlfield tag="001">0000000006</controlfield>
  <controlfield tag="005">20090702090000.0</controlfield>
  <datafield tag="020" ind1="0" ind2="0">
   <subfield code="a">0131966685 (pbk.) </subfield>
  </datafield>
  <datafield tag="082" ind1=" " ind2=" ">
   <subfield code="a">005.13 TEN</subfield>
  </datafield>
  <datafield tag="090" ind1="0" ind2="0">
   <subfield code="a">QA76.9.D35 </subfield>
   <subfield code="b">TEN 1986</subfield>
  </datafield>
  <datafield tag="100" ind1="1" ind2="0">
   <subfield code="a">TENENBAUM </subfield>
  </datafield>
  <datafield tag="245" ind1="1" ind2="0">
   <subfield code="a">Data structures using C  </subfield>
   <subfield code="c">Aaron M. Tenenbaum, Yedidyah Langsam and Moshe J. Augenstein.</subfield>
  </datafield>
  <datafield tag="250" ind1="0" ind2="0">
   <subfield code="a">2nd ed..</subfield>
  </datafield>
  <datafield tag="260" ind1="0" ind2="0">
   <subfield code="a">Englewood Cliffs, N. J.: </subfield>
   <subfield code="b">Prentice Hall, </subfield>
   <subfield code="c">1986.</subfield>
  </datafield>
  <datafield tag="300" ind1=" " ind2=" ">
   <subfield code="a">x, 724 p.: </subfield>
   <subfield code="b">ill.; </subfield>
   <subfield code="c">25 cm..</subfield>
  </datafield>
  <datafield tag="650" ind1="0" ind2="0">
   <subfield code="a">Pascal (Computer program language) </subfield>
  </datafield>
  <datafield tag="650" ind1="0" ind2="0">
   <subfield code="a">Data structures (Computer science) </subfield>
  </datafield>
  <datafield tag="700" ind1="1" ind2="1">
   <subfield code="a">AUGENSTEIN, </subfield>
   <subfield code="h">Moshe J. </subfield>
  </datafield>
 </record>
</collection>
